Nghệ thuật ắn trưa bàn công việc: Kiến tạo những mỏ vàng quan hệ cho doanh nhân thành đạt
Khám phá cách thức tiến hành những bữa ăn trưa bàn công việc để đạt được thành công, cách đưa đón khách hàng, thời điểm đưa chuyện làm ăn ra bàn bạc, thanh toán bữa ăn một các lịch lãm, kín đáo... và cách tránh những thất bại trong lần g...
Đã lưu trong:
| Príomhúdar: | |
|---|---|
| Formáid: | Leabhar |
| Teanga: | Undetermined |
| Foilsithe: |
Tp.Hồ Chí Minh
Trẻ
2011
|
| Ábhair: | |
| Clibeanna: |
Cuir Clib Leis
Gan Chlibeanna, Bí ar an gcéad duine leis an taifead seo a chlibeáil!
|
| Thư viện lưu trữ: | Trung tâm Học liệu Trường Đại học Cần Thơ |
|---|
| LEADER | 01124nam a2200229Ia 4500 | ||
|---|---|---|---|
| 001 | CTU_180675 | ||
| 008 | 210402s9999 xx 000 0 und d | ||
| 020 | |c 63000 | ||
| 082 | |a 395.52 | ||
| 082 | |b J42 | ||
| 100 | |a Jay, Robin | ||
| 245 | 0 | |a Nghệ thuật ắn trưa bàn công việc: | |
| 245 | 0 | |b Kiến tạo những mỏ vàng quan hệ cho doanh nhân thành đạt | |
| 245 | 0 | |c Robin Jay ; Nguyễn thị Kim Cúc (dịch) | |
| 260 | |a Tp.Hồ Chí Minh | ||
| 260 | |b Trẻ | ||
| 260 | |c 2011 | ||
| 520 | |a Khám phá cách thức tiến hành những bữa ăn trưa bàn công việc để đạt được thành công, cách đưa đón khách hàng, thời điểm đưa chuyện làm ăn ra bàn bạc, thanh toán bữa ăn một các lịch lãm, kín đáo... và cách tránh những thất bại trong lần gặp mặt đầu tiên | ||
| 650 | |a Business communication,Đàm phán kinh doanh | ||
| 904 | |i Hà Trang | ||
| 910 | |a Nguyên | ||
| 980 | |a Trung tâm Học liệu Trường Đại học Cần Thơ | ||